000
00190 a2200097 4500
001
23929
100
_a
245
_a
Dictionary of Battles
260
_a
_b
G Allen
_c
090
_c
16195
_d
16195
942
_a
NUST-CAE
_c
M
_c
6886
999
_c
259002
_d
259002